000 00305nam a22001337a 4500
008 170606b xxu||||| |||| 00| 0 eng d
020 _a9780742540682
041 _aeng
080 _a32
100 _a18
101 _aSHP
245 _aEUROPEAN POLITICS FROM COMUNISM
_cWOLCHIK.SH.L
942 _2udc
_cBK
999 _c16189
_d16189